Natural history
Αποθηκεύτηκε σε:
| Κύριος συγγραφέας: | |
|---|---|
| Άλλοι συγγραφείς: | , |
| Μορφή: | Βιβλίο |
| Γλώσσα: | English Latin |
| Δημοσίευση: |
Cambridge :
Harvard University Press,
1961-1999
|
| Σειρά: | Loeb classical library
|
| Θέματα: | |
| Ετικέτες: |
Προσθήκη ετικέτας
Δεν υπάρχουν, Καταχωρήστε ετικέτα πρώτοι!
|
MARC
| LEADER | 00000cam a2200000 i 4500 | ||
|---|---|---|---|
| 001 | 1/2285 | ||
| 008 | 950824m19611999 eng d | ||
| 035 | |l 10014775 | ||
| 040 | |a GR-MY-UA |b gre |e aacr | ||
| 041 | 0 | |a eng |a lat | |
| 082 | 0 | |a 508 | |
| 100 | 1 | |a Pliny, the Elder. | |
| 245 | 1 | 0 | |a Natural history / |c with an english translation by H. Rackham ; Pliny |
| 260 | |a Cambridge : |b Harvard University Press, |c 1961-1999 | ||
| 300 | |a τ.; |c 17 εκ. | ||
| 490 | 1 | |a Loeb classical library | |
| 500 | |a Αγγλικά και λατινικά σε αντικριστές σελίδες | ||
| 500 | |a Οι τόμοι 6-8 μεταφράστηκαν από τον W. H. S. Jones | ||
| 505 | 0 | |a τ.1: Books I-II. -- τ.2: Books III-VII. -- τ.3: Books VIII-XI. -- τ.4: Books XII-XVI. -- τ.5: Books XVII-XIX. -- τ.6: Books XX-XXIII. -- τ.7: Books XXIV-XXVII. -- τ.8: Books XXVIII-XXXII. -- τ.9: Books XXXIII-XXXV | |
| 650 | 0 | 0 | |a Natural history |x Pre-Linnean works. |
| 700 | 1 | |a Rackham, H. |q (Harris) |d 1868-1944. |4 trl | |
| 700 | 1 | |a Jones, W. H. S. |q (William Henry Samuel) |d 1876-1963. |4 trl | |
| 830 | 0 | |a Loeb classical library | |
| 852 | |a INST |b LESVOS |e 19950824 |h 508 PLI |p 005100007382 |q 005100007382 |t BK |y 0 |z τ.10 | ||
| 852 | |a INST |b LESVOS |e 19950824 |h 508 PLI |p 005100007383 |q 005100007383 |t BK |y 0 |z τ.9 | ||
| 852 | |a INST |b LESVOS |e 19950824 |h 508 PLI |p 005100007384 |q 005100007384 |t BK |y 0 |z τ.8 | ||
| 852 | |a INST |b LESVOS |e 19950824 |h 508 PLI |p 005100007385 |q 005100007385 |t BK |y 0 |z τ.7 | ||
| 852 | |a INST |b LESVOS |e 19950824 |h 508 PLI |p 005100007386 |q 005100007386 |t BK |y 0 |z τ.6 | ||
| 852 | |a INST |b LESVOS |e 19950824 |h 508 PLI |p 005100007387 |q 005100007387 |t BK |y 0 |z τ.5 | ||
| 852 | |a INST |b LESVOS |e 19950824 |h 508 PLI |p 005100007388 |q 005100007388 |t BK |y 0 |z τ.4 | ||
| 852 | |a INST |b LESVOS |e 19950824 |h 508 PLI |p 005100007389 |q 005100007389 |t BK |y 0 |z τ.3 | ||
| 852 | |a INST |b LESVOS |e 19950824 |h 508 PLI |p 005100007390 |q 005100007390 |t BK |y 0 |z τ.2 | ||
| 852 | |a INST |b LESVOS |e 19950824 |h 508 PLI |p 005100007391 |q 005100007391 |t BK |y 0 |z τ.1 | ||
| 852 | |a INST |b LESVOS |e 19950824 |h 508 PLI |p 005100007382 |q 005100007382 |t BK |v τ.10: |y 0 |z τ.10 | ||
| 852 | |a INST |b LESVOS |e 19950824 |h 508 PLI |p 005100007383 |q 005100007383 |t BK |v τ.9: |y 0 |z τ.9 | ||
| 852 | |a INST |b LESVOS |e 19950824 |h 508 PLI |p 005100007384 |q 005100007384 |t BK |v τ.8: |y 0 |z τ.8 | ||
| 852 | |a INST |b LESVOS |e 19950824 |h 508 PLI |p 005100007385 |q 005100007385 |t BK |v τ.7: |y 0 |z τ.7 | ||
| 852 | |a INST |b LESVOS |e 19950824 |h 508 PLI |p 005100007386 |q 005100007386 |t BK |v τ.6: |y 0 |z τ.6 | ||
| 852 | |a INST |b LESVOS |e 19950824 |h 508 PLI |p 005100007387 |q 005100007387 |t BK |v τ.5: |y 0 |z τ.5 | ||
| 852 | |a INST |b LESVOS |e 19950824 |h 508 PLI |p 005100007388 |q 005100007388 |t BK |v τ.4: |y 0 |z τ.4 | ||
| 852 | |a INST |b LESVOS |e 19950824 |h 508 PLI |p 005100007389 |q 005100007389 |t BK |v τ.3: |y 0 |z τ.3 | ||
| 852 | |a INST |b LESVOS |e 19950824 |h 508 PLI |p 005100007390 |q 005100007390 |t BK |v τ.2: |y 0 |z τ.2 | ||
| 852 | |a INST |b LESVOS |e 19950824 |h 508 PLI |p 005100007391 |q 005100007391 |t BK |v τ.1: |y 0 |z τ.1 | ||
| 853 | |a INST |b LESVOS |h 508 PLI | ||
| 909 | |a Λ |b 032908 | ||
| 909 | |a Λ |b 032909 | ||
| 909 | |a Λ |b 032910 | ||
| 909 | |a Λ |b 032911 | ||
| 909 | |a Λ |b 032912 | ||
| 909 | |a Λ |b 032913 | ||
| 909 | |a Λ |b 032914 | ||
| 909 | |a Λ |b 032915 | ||
| 909 | |a Λ |b 032916 | ||
| 909 | |a Λ |b 032917 | ||